00000000nam##2200000za#4500
0019.666535
003CaOODSP
00520210615122925
007ta
008150407|2005||||xxc|||||     f|0| 0 eng|d
020 |a0-662-69058-3
040 |aCaOODSP|beng
041 |aeng
041 |afre
043 |an-cn---
0861 |aV32-148/2005
1101 |aCanada. |bVeterans Affairs Canada.
24514|aThe Defence of Hong Kong
260 |aCharlottetown - Prince Edward Island : |bVeterans Affairs Canada |c2005.
300 |a1 folded sheet ([2p.]) : |billus. ; |c28 cm.
500 |aAt head of title: Canada Remembers.
563 |aPamphlet
590 |a06-14|b2006-04-07
7760#|tLe Canada se souvient - la défense de Hong Kong |w(CaOODSP)9.643941
7760#|tCanada remembers - the defence of Hong Kong |w(CaOODSP)9.700026
792 |tLa défense de Hong Kong |efre|w(CaOODSP)9.666536